Statistics for Final Destination Franchise

Click here to take the quiz!

General Stats

  • This quiz has been taken 49 times
  • The average score is 8 of 17

Answer Stats

TypeYearNameInfo% Correct
Film2000Final DestinationNew Line Cinema
100%
Novel2006Final DestinationNatasha Rhodes
100%
Film2009The Final DestinationWarner Bros.
100%
Film2003Final Destination 2New Line Cinema
97%
Novel2006Final Destination 2Nancy A. Collins / Natasha Rhodes
97%
Film2006Final Destination 3New Line Cinema
97%
Novel2006Final Destination 3Christa Faust
97%
Film2011Final Destination 5Warner Bros.
95%
Novel2005Dead ReckoningNatasha Rhodes
3%
Novel2006Death of the SensesAndy McDermott
3%
Novel2005Destination ZeroDavid McIntee
3%
Novel2005End of the LineRebecca Levene
3%
Comic Mini-Series2006Final Destination: Spring BreakZenescope Entertainment
3%
Novel2005Looks Could KillNancy A. Collins
3%
Novel2005Dead Man's HandSteven A. Roman
0%
Comic Book2006SacrificeZenescope Entertainment
0%
NovelN/AWipeoutAlex Johnson
0%

Score Distribution

Percentile by Number Answered

Percent of People with Each Score

Your Score History

You have not taken this quiz